Principios de anatomía y fisiología
Gorde:
| Egile Nagusiak: | , |
|---|---|
| Formatua: | Liburua |
| Hizkuntza: | gaztelania |
| Argitaratua: |
Ciudad de México
Médica Panamericana
2013
|
| Edizioa: | 13a. ed |
| Gaiak: | |
| Etiketak: |
Etiketa erantsi
Etiketarik gabe, Izan zaitez lehena erregistro honi etiketa jartzen!
|
MARC
| LEADER | 00000cam a2200000 a 4500 | ||
|---|---|---|---|
| 001 | UCD8843 | ||
| 003 | CL-VaPUC | ||
| 005 | 20231114122651.0 | ||
| 008 | 170527e20130000mx |||||||||||||||||spa|d | ||
| 999 | |c 368151 |d 368149 | ||
| 020 | |a 9786077743781 | ||
| 040 | |c Pontificia Universidad Católica de Valparaíso | ||
| 082 | 0 | 4 | |a 612 |b TOR |2 21 |
| 100 | 0 | |a Tortora, Gerard J |e author |9 592376 | |
| 245 | 1 | 0 | |a Principios de anatomía y fisiología |
| 250 | |a 13a. ed | ||
| 260 | |a Ciudad de México |b Médica Panamericana |c 2013 | ||
| 300 | |a 1222 p | ||
| 583 | |a last modification |c 20170527 00:32:00 |k Rodrigo Vera | ||
| 650 | 0 | |a Anatomía |9 261202 |x Humana | |
| 650 | 7 | |a Fisiología |2 CL-VaPUC |9 592378 |x Humana | |
| 650 | 0 | |a Morfología |9 334440 |x Humana | |
| 700 | 0 | |a Derrickson, Bryan |e author |9 592377 | |
| 942 | |c BK |2 ddc | ||
| 945 | |d 20170527 00:32:00 |a dcastane | ||
| 952 | |0 0 |1 0 |3 erd |4 0 |6 612_000000000000000_TOR_2013 |7 0 |8 R |9 483421 |a BIBEDU |b BIBEDU |c MCIRC |i 537801K |o 612 TOR 2013 |p 537801K |r 2023-01-13 |w 2019-11-24 |y BK_R |z Catalogado en:20170527 |k EDI | ||
| 952 | |0 0 |1 0 |3 erd |4 0 |6 612_000000000000000_TOR_2013 |7 0 |8 R |9 483422 |a BIBEDU |b BIBEDU |c MCIRC |i 5378028 |o 612 TOR 2013 |p 5378028 |r 2023-01-13 |w 2019-11-24 |y BK_R |z Catalogado en:20170527 |k EDI | ||